South v Chamberlayne and others (Record no. 68768)

MARC details
000 -LEADER
fixed length control field 01400cam a2200217 4500
001 - CONTROL NUMBER
control field ABS64696
008 - FIXED-LENGTH DATA ELEMENTS--GENERAL INFORMATION
fixed length control field 011102n2001 000 0 eng u
035 ## - SYSTEM CONTROL NUMBER
System control number (Sirsi) u115461
245 ## - TITLE STATEMENT
Title South v Chamberlayne and others
260 ## - PUBLICATION, DISTRIBUTION, ETC.
Date of publication, distribution, etc. 2001
490 ## - SERIES STATEMENT
Series statement Estates Gazette Law Reports
Volume/sequential designation [2001] 43 EG 190-194(5)
520 ## - SUMMARY, ETC.
Summary, etc. ChD 7 September 2001. The claimant tenant (S) served a notice upon the respondent landlords to enfranchise under the Leasehold Reform Act 1967. The LT determined the price payable as £2.395m. S contracted to subsell her interest in the property to E for £4.5m and asked the landlords to transfer directly to E. Shortly after S assigned her statutory rights under the Leasehold Reform Act 1967 to E. The landlords decided they were not obliged to transfer the property to S or E because according to the provisions of the assignment, S's statutory right had been extinguished as the right had not been assigned with the tenancy. S issued proceedings claiming specific performance of the landlord's statutory obligation to transfer the property. It was found that S was entitled to specific performance.
590 ## - LOCAL NOTE (RLIN)
Local note ABS
650 ## - SUBJECT ADDED ENTRY--TOPICAL TERM
Topical term or geographic name entry element SPECIFIC PERFORMANCE
650 ## - SUBJECT ADDED ENTRY--TOPICAL TERM
Topical term or geographic name entry element PROPERTY TRANSFER
650 ## - SUBJECT ADDED ENTRY--TOPICAL TERM
Topical term or geographic name entry element SOUTH V CHAMBERLAYNE
650 ## - SUBJECT ADDED ENTRY--TOPICAL TERM
Topical term or geographic name entry element LEASEHOLD REFORM ACT 1967
650 ## - SUBJECT ADDED ENTRY--TOPICAL TERM
Topical term or geographic name entry element LEASEHOLD ENFRANCHISEMENT
690 ## - LOCAL SUBJECT ADDED ENTRY--TOPICAL TERM (OCLC, RLIN)
Topical term or geographic name as entry element LANDLORD AND TENANT-CASE LAW
942 ## - ADDED ENTRY ELEMENTS (KOHA)
Suppress in OPAC 0
Holdings
Withdrawn status Lost status Source of classification or shelving scheme Damaged status Not for loan Home library Current library Shelving location Date acquired Total Checkouts Full call number Barcode Date last seen Copy number Price effective from Koha item type
    Dewey Decimal Classification     London London Journal article 02/11/2001   ABS64696 115461-1001 06/08/2019 1 06/08/2019 Law report